|
|
|
|
| LEADER |
00000cam a2200000 7i4500 |
| 001 |
0000001285 |
| 005 |
20030321.0 |
| 090 |
0 |
0 |
|a 634.9021
|b YON 1990
|
| 100 |
1 |
0 |
|a YONG
|h Teng Koon
|
| 245 |
1 |
0 |
|a Growth and yield of a mixed dipterocarp forest in Peninsular Malaysia
|c fellowship report prepared by Yong Teng Koon
|
| 260 |
0 |
0 |
|a Kuala Lumpur :
|b ASEAN Institute of Forest Management ,
|c 1990
|
| 300 |
|
|
|a xviii, 160 p. :
|b tables ;
|c 30 cm.
|
| 500 |
0 |
0 |
|a Bibliography : [p. 156-157]
|
| 650 |
0 |
0 |
|a Dipterocarpaceae
|z Peninsular Malaysia
|
| 650 |
0 |
0 |
|a Forests and forestry
|z Peninsular Malaysia
|
| 710 |
1 |
1 |
|a ASEAN Institute of Forest Management (AIFM)
|
| 998 |
|
|
|a JPSM
|
| 999 |
|
|
|a 0000002235
|b Monograph
|c Open Shelf
|e Default branch
|
| 999 |
|
|
|a 0000003962
|b Monograph
|c Open Shelf
|e Default branch
|